[Event "URS-ch sf"]
[Site "Tbilisi"]
[Date "1973.??.??"]
[Round "4"]
[White "Dzindzichashvili, Roman"]
[Black "Podgaets, Mikhail"]
[Result "1-0"]
[WhiteElo "2520"]
[BlackElo "2465"]
[PlyCount "97"]
[EventDate "1973.??.??"]
[Source "ChessBase"]

1. d4 d5 2. c4 c6 3. Nf3 Nf6 4. Nc3 dxc4 5. a4 Bg4 6. Ne5 Bh5 7. f3 Nfd7 8. Nxc4 e5 9. Nxe5 Nxe5 10. dxe5 Qxd1+ 11. Kxd1 Na6 12. e4 O-O-O+ 13. Kc2 Nb4+ 14. Kb3 f6 15. e6 Bc5 16. g4 Be8 17. Bc4 h5 18. g5 Bg6 19. gxf6 gxf6 20. Bf4 Nd3 21. Bxd3 Rxd3 22. Kc4 Rxf3 23. Kxc5 Rxf4 24. Raf1 b6+ 25. Kd4 Rd8+ 26. Ke3 Rxf1 27. Rxf1 Rf8 28. e7 Rg8 29. e5 f5 30. Ne4 f4+ 31. Rxf4 Rg7 32. e8=Q+ Bxe8 33. Rf8 Re7 34. Nf6 Rxe5+ 35. Kf4 Rc5 36. Rxe8+ Kb7 37. b4 Rc2 38. Re7+ Kb8 39. h4 Ra2 40. Nxh5 Rxa4 41. Re4 Ra1 42. Nf6 a5 43. bxa5 bxa5 44. h5 Kb7 45. h6 Kb6 46. h7 Rh1 47. Ke3 Rh3+ 48. Kd2 Kb5 49. Re5+ 1-0

[Event "Vrnjacka Banja"]
[Site "Vrnjacka Banja"]
[Date "1991.??.??"]
[Round "13"]
[White "Malaniuk, Vladimir P"]
[Black "Huzman, Alexander"]
[Result "0-1"]
[WhiteElo "2500"]
[BlackElo "2475"]
[PlyCount "154"]
[EventDate "1991.04.??"]
[Source "ChessBase"]

1. d4 d5 2. c4 c6 3. Nf3 Nf6 4. Nc3 dxc4 5. a4 Bg4 6. Ne5 Bh5 7. f3 Nfd7 8. Nxc4 e5 9. Ne4 Bb4+ 10. Bd2 Qe7 11. dxe5 O-O 12. Rc1 Na6 13. Bxb4 Nxb4 14. Qd6 Rfe8 15. f4 f6 16. Ng3 Bg6 17. f5 Nxe5 18. Qxe7 Rxe7 19. Nxe5 Rxe5 20. fxg6 Nd3+ 21. Kd2 Nxc1 22. gxh7+ Kxh7 23. Kxc1 Rc5+ 24. Kb1 Rd8 25. e3 Rd1+ 26. Ka2 Rc2 27. Kb3 Rcc1 28. a5 Kh6 29. h4 Re1 30. Rh3 Rxe3+ 31. Ka2 Rxg3 32. Rxg3 Rxf1 33. Rb3 Rf5 34. Rxb7 Rxa5+ 35. Kb3 g6 36. Rf7 f5 37. Rf6 Rb5+ 38. Kc3 Rb6 39. Rd6 Kh5 40. Rd4 a5 41. Rc4 Rb4 42. Rxb4 axb4+ 43. Kxb4 Kxh4 44. Kc5 Kg3 45. Kxc6 Kxg2 46. b4 f4 47. b5 f3 48. b6 f2 49. b7 f1=Q 50. b8=Q Qc4+ 51. Kd7 Qf7+ 52. Kc6 Qc4+ 53. Kd7 Qf7+ 54. Kc6 g5 55. Qe5 g4 56. Qe2+ Kh3 57. Kb5 g3 58. Qe3 Qd5+ 59. Ka6 Kg4 60. Qe2+ Kf4 61. Qf1+ Ke3 62. Qe1+ Kf4 63. Qf1+ Kg5 64. Qe2 g2 65. Qe3+ Kf5 66. Qf2+ Ke6 67. Ka7 Kd7 68. Kb6 Qg5 69. Qd4+ Ke6 70. Qc4+ Kf6 71. Qd4+ Kf7 72. Qg1 Kg6 73. Ka7 Qa5+ 74. Kb8 Qb5+ 75. Ka7 Qb2 76. Ka8 Kf7 77. Ka7 Kg8 0-1

[Event "Patra 73/422"]
[Site "?"]
[Date "1998.??.??"]
[Round "?"]
[White "Banikas, Hristos"]
[Black "Skembris, Spyridon"]
[Result "1-0"]
[WhiteElo "2490"]
[BlackElo "2480"]
[PlyCount "83"]
[EventDate "1998.??.??"]
[Source "ChessBase"]
[SourceDate "1998.06.01"]

1. d4 d5 2. c4 c6 3. Nf3 Nf6 4. Nc3 dxc4 5. a4 Bg4 6. Ne5 Bh5 7. f3 Nfd7 8. Nxc4 e5 9. Ne4 Bb4+ 10. Bd2 Qe7 11. Nxe5 Nxe5 12. dxe5 Nd7 13. Nd6+ Bxd6 14. exd6 Qxd6 15. Bc3 Qxd1+ 16. Rxd1 f6 17. e4 Bf7 18. a5 O-O-O 19. Bd4 Bb3 20. Rc1 Kc7 21. Rc3 Be6 22. Be2 b6 23. Kf2 Ne5 24. Ke3 c5 25. axb6+ axb6 26. Bxe5+ fxe5 27. b4 Kc6 28. bxc5 b5 29. Rb1 Rb8 30. Rc2 b4 31. Rd2 Rhe8 32. Ra1 b3 33. Ra5 Rb7 34. Ba6 Rb4 35. Rd6+ Kc7 36. Bb5 b2 37. Rb6 Rb3+ 38. Kf2 Re7 39. Ra7+ Kd8 40. Ra8+ Kc7 41. Rab8 Bc8 42. Rxc8+ 1-0

[Event "Copenhagen KS"]
[Site "Copenhagen"]
[Date "1996.??.??"]
[Round "1"]
[White "Parker, Jonathan"]
[Black "Hellsten, Johan"]
[Result "1/2-1/2"]
[WhiteElo "2470"]
[BlackElo "2490"]
[PlyCount "75"]
[EventDate "1996.07.05"]
[Source "ChessBase"]

1. d4 d5 2. c4 c6 3. Nf3 Nf6 4. Nc3 dxc4 5. a4 Bg4 6. Ne5 Bh5 7. f3 Nfd7 8. Nxc4 e5 9. g3 Bb4 10. dxe5 O-O 11. Bh3 Qe7 12. Bf4 Rd8 13. Qc2 Bg6 14. Bf5 Nb6 15. Bxg6 hxg6 16. Nxb6 axb6 17. h4 Re8 18. O-O Qc5+ 19. Kg2 Bxc3 20. Qxc3 Qxc3 21. bxc3 Nd7 22. Rfb1 Ra6 23. a5 Rea8 24. Rd1 Nf8 25. Rab1 b5 26. c4 bxc4 27. Rxb7 Rxa5 28. Rb4 Rd5 29. Rc1 Nd7 30. Rbxc4 Nxe5 31. Bxe5 Rxe5 32. e4 Ra2+ 33. Kh3 f5 34. Rxc6 fxe4 35. fxe4 Rxe4 36. Rxg6 Kh7 37. Rg5 Re7 38. Rh5+ 1/2-1/2

[Event "Untergrombach op"]
[Site "Untergrombach"]
[Date "1998.??.??"]
[Round "?"]
[White "Ikonnikov, Vyacheslav"]
[Black "Kekelidze, Mikheil"]
[Result "1-0"]
[WhiteElo "2550"]
[BlackElo "2405"]
[PlyCount "119"]
[EventDate "1998.??.??"]
[Source "www.chesslib.no"]
[SourceDate "2004.05.04"]

1. d4 d5 2. c4 c6 3. Nf3 Nf6 4. Nc3 dxc4 5. a4 Bg4 6. Ne5 Nbd7 7. Nxg4 Nxg4 8. e3 Ngf6 9. Bxc4 e6 10. a5 b5 11. axb6 axb6 12. Bd2 Bd6 13. Rc1 O-O 14. O-O Nd5 15. Be2 e5 16. Nxd5 cxd5 17. dxe5 Bxe5 18. Bc3 Bxc3 19. Rxc3 Nc5 20. Bf3 Qf6 21. Bxd5 Rad8 22. Qf3 Qe5 23. Rd1 Ne4 24. Rcd3 Rde8 25. Bxe4 Qxe4 26. Qxe4 Rxe4 27. Rd4 Re5 28. Rd5 Rxd5 29. Rxd5 Rc8 30. g3 Kf8 31. Rd6 Rb8 32. b4 Ke7 33. Rc6 Kd7 34. b5 Rc8 35. Rxb6 Rc2 36. g4 h5 37. gxh5 Rc5 38. h6 gxh6 39. Kg2 Ke7 40. h4 Kf8 41. Rb8+ Kg7 42. Kg3 Kg6 43. e4 Rc4 44. f3 Rb4 45. Rb6+ Kg7 46. Kg4 Rb1 47. e5 Rg1+ 48. Kh5 Rc1 49. f4 Rc4 50. Kg4 Rd4 51. Rb7 Kg8 52. h5 Rc4 53. b6 Rb4 54. Rb8+ Kg7 55. b7 Kh7 56. Kf3 Kg7 57. f5 f6 58. e6 Rb3+ 59. Ke4 Rb5 60. Rd8 1-0

[Event "Andorra Open"]
[Site "Andorra"]
[Date "1993.??.??"]
[Round "8"]
[White "Magerramov, Elmar"]
[Black "Pomes Marcet, Juan"]
[Result "1/2-1/2"]
[WhiteElo "2545"]
[BlackElo "2410"]
[PlyCount "80"]
[EventDate "1993.06.??"]
[Source "www.chesslib.no"]
[SourceDate "2004.05.04"]

1. d4 d5 2. c4 c6 3. Nf3 Nf6 4. Nc3 dxc4 5. a4 Bg4 6. Ne5 Bh5 7. f3 Nfd7 8. Nxc4 e5 9. Ne4 Bb4+ 10. Bd2 Qe7 11. Bxb4 Qxb4+ 12. Qd2 Qxd2+ 13. Kxd2 exd4 14. Ned6+ Ke7 15. Nxb7 Na6 16. Re1 Ndc5 17. Nxc5 Nxc5 18. e3 Rhd8 19. exd4+ Kf8 20. Re5 Rxd4+ 21. Kc3 Rd5 22. a5 f6 23. Rxd5 cxd5 24. Nd6 Ne6 25. Bd3 d4+ 26. Kd2 Rd8 27. Nb7 Rb8 28. a6 Nf4 29. Bf1 Bf7 30. g3 Ng6 31. Bd3 Ne5 32. Be4 Bc4 33. Ra1 f5 34. Bxf5 Nxf3+ 35. Kc2 Re8 36. Bd3 Ne1+ 37. Rxe1 Bxd3+ 38. Kd2 Rxe1 39. Kxe1 Bxa6 40. Nd8 Bb5 1/2-1/2

[Event "Rostock 11th"]
[Site "Rostock GER"]
[Date "1985.??.??"]
[Round "7"]
[White "Chekhov, Valery A"]
[Black "Tischbierek, Raj"]
[Result "1-0"]
[WhiteElo "2495"]
[BlackElo "2460"]
[PlyCount "71"]
[EventDate "1985.08.??"]
[Source "www.chesslib.no"]
[SourceDate "2004.05.04"]

1. d4 d5 2. c4 c6 3. Nf3 Nf6 4. Nc3 dxc4 5. a4 Bg4 6. Ne5 Bh5 7. f3 Nfd7 8. Nxc4 e5 9. Ne4 Bb4+ 10. Bd2 Qe7 11. Bxb4 Qxb4+ 12. Qd2 Qxd2+ 13. Kxd2 exd4 14. Ned6+ Ke7 15. Nxb7 c5 16. g4 Bg6 17. Bg2 Na6 18. f4 f6 19. Nba5 Rae8 20. Nc6+ Kf8 21. Nxa7 Be4 22. Bxe4 Rxe4 23. Rhf1 h5 24. g5 Ke7 25. Nb5 fxg5 26. fxg5 Rg4 27. Nbd6 Ke6 28. h3 Rg2 29. Rf4 Rb8 30. Re4+ Kd5 31. Re7 Nb6 32. Re5+ Kc6 33. Rc1 Nd5 34. Nb5 Nac7 35. Na5+ Kb6 36. Nxc7 1-0

[Event "4 Botvinnik Memorial (A)"]
[Site "Satka"]
[Date "2004.08.28"]
[Round "2"]
[White "Karasev, Vladimir"]
[Black "Vasiukov, Evgeni"]
[Result "1-0"]
[WhiteElo "2408"]
[BlackElo "2530"]
[PlyCount "75"]
[EventDate "2004.08.27"]
[Source "Roberto Alvarez"]
[SourceDate "2004.09.15"]

1. d4 d5 2. c4 c6 3. Nf3 Nf6 4. Nc3 dxc4 5. a4 Bg4 6. Ne5 Bh5 7. Nxc4 e6 8. Qb3 Na6 9. Bg5 Nb4 10. Rd1 h6 11. Bh4 a5 12. f3 g5 13. Bg3 g4 14. Rd2 Be7 15. Be5 Rg8 16. Nd1 gxf3 17. gxf3 Nfd5 18. e4 b5 19. axb5 a4 20. Qa3 Nc2+ 21. Rxc2 Bxa3 22. bxa3 Bxf3 23. exd5 Qxd5 24. Nd6+ Ke7 25. Bc4 Qxd6 26. Bxd6+ Kxd6 27. Rf1 Be4 28. Re2 cxb5 29. Rxe4 bxc4 30. Rxf7 Rg1+ 31. Kd2 Rg2+ 32. Re2 Rag8 33. Nf2 R8g6 34. Kc3 Kc6 35. Kxc4 Rxh2 36. Re5 h5 37. Ra5 Kb6 38. Rfa7 1-0

[Event "Alushta"]
[Site "Alushta"]
[Date "1999.03.11"]
[Round "9"]
[White "Nosenko, Alexander"]
[Black "Zubov, Alexander"]
[Result "1/2-1/2"]
[WhiteElo "2433"]
[BlackElo "2502"]
[PlyCount "59"]
[EventDate "1999.03.03"]
[Source "ChessBase"]
[SourceDate "1999.06.08"]

1. d4 d5 2. c4 c6 3. Nf3 Nf6 4. Nc3 dxc4 5. a4 Bg4 6. Ne5 Bh5 7. Nxc4 e6 8. Qb3 Na6 9. Be3 Nb4 10. g3 a5 11. Bg2 Be7 12. Rc1 O-O 13. h3 Nfd5 14. Bd2 Bf6 15. Nxd5 exd5 16. Nxa5 Qxa5 17. Qxb4 Qxb4 18. Bxb4 Rfe8 19. g4 Bg6 20. b3 Bxd4 21. Bf3 Ra6 22. Bc3 Bxc3+ 23. Rxc3 Rb6 24. O-O d4 25. Rc4 d3 26. b4 Ra6 27. a5 dxe2 28. Re1 Bd3 29. Rc3 Bb5 30. Re3 1/2-1/2

[Event "Dresden"]
[Site "Dresden"]
[Date "1985.??.??"]
[Round "4"]
[White "Gruenberg, Hans Ulrich"]
[Black "Tischbierek, Raj"]
[Result "0-1"]
[WhiteElo "2470"]
[BlackElo "2465"]
[PlyCount "52"]
[EventDate "1985.11.18"]
[Source "ChessBase"]

1. d4 d5 2. c4 c6 3. Nf3 Nf6 4. Nc3 dxc4 5. a4 Bg4 6. Ne5 Bh5 7. f3 Nfd7 8. Nxc4 e5 9. Ne4 Bb4+ 10. Bd2 Qe7 11. dxe5 O-O 12. Rc1 Bg6 13. Ned6 Nxe5 14. Nxe5 Bxd6 15. Nxg6 hxg6 16. Kf2 Rd8 17. Qc2 Qh4+ 18. g3 Bxg3+ 19. hxg3 Qxh1 20. Bg5 Re8 21. Bh4 g5 22. Bg2 Rxe2+ 23. Qxe2 Qxc1 24. Qe8+ Kh7 25. Bh3 Qxb2+ 26. Ke3 Qf6 0-1

[Event "MK Cafe Cup-A"]
[Site "Koszalin"]
[Date "1998.08.10"]
[Round "8"]
[White "Kempinski, Robert"]
[Black "Sapis, Witalis"]
[Result "1/2-1/2"]
[WhiteElo "2545"]
[BlackElo "2385"]
[PlyCount "52"]
[EventDate "1998.08.03"]
[Source "ChessBase"]
[SourceDate "1998.09.09"]

1. d4 d5 2. c4 c6 3. Nf3 Nf6 4. Nc3 dxc4 5. a4 Bg4 6. Ne5 Bh5 7. Nxc4 e6 8. g3 Bb4 9. Bg2 Nd5 10. Qd3 Be7 11. O-O Nb4 12. Qd2 a5 13. h3 f6 14. b3 O-O 15. Ba3 Bf7 16. Rfd1 N8a6 17. Ne4 b5 18. Ne3 Qb6 19. axb5 cxb5 20. Nc5 Ra7 21. Nxa6 Qxa6 22. d5 Rd8 23. Bxb4 Bxb4 24. Qd4 Bf8 25. Qc3 Rc8 26. Qb2 a4 1/2-1/2

[Event "Staufer Open 5th"]
[Site "Schwaebisch Gmuend"]
[Date "1993.??.??"]
[Round "4"]
[White "Budnikov, Alexandar"]
[Black "Suetin, Alexei S"]
[Result "0-1"]
[WhiteElo "2520"]
[BlackElo "2410"]
[PlyCount "68"]
[EventDate "1993.01.??"]
[Source "www.chesslib.no"]
[SourceDate "2004.05.04"]

1. d4 d5 2. c4 c6 3. Nf3 Nf6 4. Nc3 dxc4 5. a4 Bg4 6. Ne5 Bh5 7. g3 Nbd7 8. Nxc4 Nb6 9. Ne5 a5 10. Bg2 e6 11. O-O Bb4 12. Bg5 h6 13. Bf4 Nbd5 14. Qd2 Nxf4 15. Qxf4 O-O 16. g4 Bg6 17. Rfd1 Bh7 18. Qg3 Nd7 19. h4 f6 20. Nd3 Nb6 21. g5 fxg5 22. hxg5 Qxg5 23. Qxg5 hxg5 24. Ne4 Be7 25. Nec5 Bxd3 26. Nxd3 Rad8 27. e3 Nd5 28. Bh3 Rf6 29. Bg4 Rdf8 30. Rd2 Rh6 31. Kg2 Bd6 32. Rh1 Kf7 33. Rh3 Ke7 34. Rd1 g6 0-1

[Event "Geneve"]
[Site "?"]
[Date "1994.??.??"]
[Round "?"]
[White "Tukmakov, V."]
[Black "Domont, A."]
[Result "1-0"]
[WhiteElo "2570"]
[BlackElo "2350"]
[PlyCount "55"]
[EventDate "1994.??.??"]
[Source "ChessBase"]
[SourceDate "1994.02.01"]

1. d4 d5 2. c4 c6 3. Nf3 Nf6 4. Nc3 dxc4 5. a4 Bg4 6. Ne5 Bh5 7. g3 e6 8. Bg2 Bb4 9. Nxc4 a5 10. O-O O-O 11. Ne5 Nd5 12. g4 f6 13. gxh5 fxe5 14. dxe5 Qh4 15. Ne4 Nd7 16. h6 Nxe5 17. hxg7 Rf7 18. Bg5 Qh5 19. Qd4 Rf5 20. Kh1 h6 21. Be3 c5 22. Qd1 Ng4 23. h3 Ngxe3 24. fxe3 Kxg7 25. Rg1 Nxe3 26. Qd3 Nxg2 27. Rxg2+ Kh7 28. Nf6+ 1-0

[Event "Pancevo"]
[Site "Pancevo"]
[Date "1985.??.??"]
[Round "9"]
[White "Raicevic, Vladimir"]
[Black "Haik, Aldo"]
[Result "0-1"]
[WhiteElo "2480"]
[BlackElo "2440"]
[PlyCount "68"]
[EventDate "1985.??.??"]
[Source "www.chesslib.no"]
[SourceDate "2004.05.04"]

1. d4 d5 2. c4 c6 3. Nf3 Nf6 4. Nc3 dxc4 5. a4 Bg4 6. e3 e6 7. Bxc4 Nbd7 8. h3 Bh5 9. O-O Bd6 10. e4 e5 11. Be3 O-O 12. g4 Bg6 13. Qc2 Re8 14. Rfe1 exd4 15. Bxd4 c5 16. Bxf6 Qxf6 17. Qe2 Ne5 18. Nxe5 Bxe5 19. Nd5 Qh4 20. Qf3 h5 21. Re2 hxg4 22. hxg4 Re6 23. Rae1 Rae8 24. Qg2 Bh7 25. f3 Rh6 26. Ne3 Bf4 27. Rd1 Rd8 28. Rxd8+ Qxd8 29. Qf2 Rh3 30. Nd5 Rg3+ 31. Kf1 Qh4 32. Re1 Bd2 33. Rd1 Bg5 34. Ke2 Bxe4 0-1

[Event "Jch-RUS b20"]
[Site "Essentuki"]
[Date "2003.03.05"]
[Round "4"]
[White "Grachev, Boris"]
[Black "Skorchenko, Dmitry"]
[Result "1/2-1/2"]
[WhiteElo "2483"]
[BlackElo "2436"]
[PlyCount "45"]
[EventDate "2003.03.02"]
[Source "Roberto Alvarez"]
[SourceDate "2003.03.10"]

1. d4 d5 2. c4 c6 3. Nf3 Nf6 4. Nc3 dxc4 5. a4 Bg4 6. Ne5 Bh5 7. Nxc4 e6 8. g3 Bb4 9. Bg2 Nd5 10. Bd2 Nb6 11. Nxb6 axb6 12. Be3 O-O 13. O-O Qe7 14. Qb3 Nd7 15. Bg5 f6 16. Bd2 Rfe8 17. Rfe1 Ba5 18. e4 Bf7 19. e5 fxe5 20. dxe5 Nc5 21. Qc4 Red8 22. Rad1 Bg6 23. b4 1/2-1/2

[Event "Corr"]
[Site "?"]
[Date "2002.03.01"]
[Round "?"]
[White "Rain Ricardo Ernesto (BR"]
[Black "Dolgov Igor Mikhailovich ("]
[Result "1/2-1/2"]
[WhiteElo "2464"]
[BlackElo "2453"]
[PlyCount "65"]
[EventDate "2002.??.??"]
[Source "www.chesslib.no"]
[SourceDate "2004.05.04"]

1. d4 d5 2. c4 c6 3. Nf3 Nf6 4. Nc3 dxc4 5. a4 Bg4 6. Ne5 Bh5 7. f3 Nfd7 8. Nxc4 e5 9. Ne4 Bb4+ 10. Bd2 Qe7 11. dxe5 O-O 12. Rc1 Na6 13. Bxb4 Nxb4 14. Qd6 Rfe8 15. Qxe7 Rxe7 16. Ned6 Nxe5 17. Nxe5 Rxe5 18. e4 Re7 19. Bc4 Rd8 20. Rd1 Kf8 21. Rd2 Nd5 22. Bxd5 Rxd6 23. Bc4 Red7 24. Rxd6 Rxd6 25. g4 Bg6 26. Ke2 f6 27. Rc1 a5 28. Ke3 Ke7 29. h4 h6 30. Rg1 Bf7 31. Bxf7 Kxf7 32. h5 Ke6 33. Rc1 1/2-1/2

[Event "Kalotturneringen"]
[Site "?"]
[Date "2000.09.??"]
[Round "5"]
[White "Yevseev Denis"]
[Black "Kiselev Gennady"]
[Result "1/2-1/2"]
[WhiteElo "2496"]
[BlackElo "2420"]
[PlyCount "23"]
[EventDate "2000.??.??"]
[Source "www.chesslib.no"]
[SourceDate "2004.05.04"]

1. d4 d5 2. c4 c6 3. Nf3 Nf6 4. Nc3 dxc4 5. a4 Bg4 6. Ne5 Bh5 7. g3 e6 8. Bg2 Bb4 9. Nxc4 Nd5 10. Qd3 Be7 11. O-O O-O 12. h3 1/2-1/2

[Event "ch playoff, Rio"]
[Site "?"]
[Date "1997.??.??"]
[Round "5"]
[White "Leitao Rafael"]
[Black "Lima Darcy"]
[Result "1-0"]
[WhiteElo "2495"]
[BlackElo "2420"]
[PlyCount "73"]
[EventDate "1997.??.??"]
[Source "www.chesslib.no"]
[SourceDate "2004.05.04"]

1. d4 d5 2. c4 c6 3. Nf3 Nf6 4. Nc3 dxc4 5. a4 Bg4 6. Ne5 Bh5 7. g3 e6 8. Bg2 Bb4 9. Nxc4 Nd5 10. Qb3 O-O 11. Bd2 c5 12. Nxd5 exd5 13. dxc5 Nc6 14. Bxb4 dxc4 15. Qxc4 Re8 16. f3 Ne5 17. Qc3 Nd3+ 18. Kf1 Nxb4 19. Qxb4 Re3 20. Kf2 Qe7 21. Rhe1 Re8 22. Qc4 a5 23. Rad1 Qe5 24. Rd5 Qe6 25. Rd4 Qe7 26. b3 Bg6 27. Bf1 Qe4 28. Ra1 Rd3 29. Bh3 Rd8 30. e3 Rf8 31. c6 Qh4 32. c7 Qf4 33. Ra2 Qh4 34. Qe6 Be4 35. Rxd3 fxe6 36. Kg1 b6 37. Rg2 1-0

[Event "BRA-ch plof"]
[Site "Rio de Janeiro"]
[Date "1997.??.??"]
[Round "5"]
[White "Leitao, Rafael"]
[Black "Lima, Darcy"]
[Result "1-0"]
[WhiteElo "2495"]
[BlackElo "2420"]
[PlyCount "73"]
[EventDate "1997.??.??"]
[Source "www.chesslib.no"]
[SourceDate "2004.05.04"]

1. d4 d5 2. c4 c6 3. Nf3 Nf6 4. Nc3 dxc4 5. a4 Bg4 6. Ne5 Bh5 7. g3 e6 8. Bg2 Bb4 9. Nxc4 Nd5 10. Qb3 O-O 11. Bd2 c5 12. Nxd5 exd5 13. dxc5 Nc6 14. Bxb4 dxc4 15. Qxc4 Re8 16. f3 Ne5 17. Qc3 Nd3+ 18. Kf1 Nxb4 19. Qxb4 Re3 20. Kf2 Qe7 21. Rhe1 Re8 22. Qc4 a5 23. Rad1 Qe5 24. Rd5 Qe6 25. Rd4 Qe7 26. b3 Bg6 27. Bf1 h5 28. Red1 Bf5 29. Rd8 Rxd8 30. Rxd8+ Qxd8 31. Kxe3 Qd1 32. Kf2 Be6 33. Qc3 Bxb3 34. Qxa5 Qd4+ 35. e3 Qb2+ 36. Kg1 Qc1 37. Qd8+ 1-0

[Event "Groningen Open"]
[Site "Groningen NED"]
[Date "1992.??.??"]
[Round "2"]
[White "Lerner, Konstantin Z"]
[Black "Pomes Marcet, Juan"]
[Result "0-1"]
[WhiteElo "2515"]
[BlackElo "2400"]
[PlyCount "134"]
[EventDate "1992.12.??"]
[Source "www.chesslib.no"]
[SourceDate "2004.05.04"]

1. d4 d5 2. c4 c6 3. Nf3 Nf6 4. Nc3 dxc4 5. a4 Bg4 6. Ne5 Bh5 7. h3 Na6 8. g4 Bg6 9. Bg2 Nb4 10. O-O Bc2 11. Qd2 Bb3 12. Qf4 h6 13. h4 g5 14. hxg5 hxg5 15. Qg3 Qxd4 16. Bxg5 Bg7 17. Be3 Qd6 18. f4 Nfd5 19. Ne4 Qh6 20. Bd2 Qh4 21. Rac1 Nc2 22. Kf2 Qxg3+ 23. Nxg3 Bxe5 24. fxe5 Nd4 25. Nf5 Ne6 26. a5 Ndf4 27. Rh1 Kd7 28. Bf3 Ng6 29. Bc3 Kc7 30. Rh5 Nef4 31. Rhh1 Ne6 32. Rh5 Nef4 33. Rhh1 Ne6 34. Kg3 Rad8 35. Nh6 Rh7 36. Be4 Nef4 37. Kf3 c5 38. g5 Ba4 39. Ng4 Rxh1 40. Rxh1 Ne6 41. Rh5 Bc6 42. Bxc6 Kxc6 43. Ne3 b5 44. axb6 axb6 45. Nxc4 b5 46. Ne3 b4 47. Be1 Nxe5+ 48. Ke4 Ng6 49. b3 Rd4+ 50. Kf3 Rf4+ 51. Kg2 Nd4 52. Bg3 Nxb3 53. Rh7 Re4 54. Kf2 Nd4 55. Rxf7 b3 56. Nc4 Kb5 57. Na3+ Kb4 58. Nb1 Nxe2 59. Rg7 Ne5 60. Bxe5 Rxe5 61. Rg8 Nc3 62. Rb8+ Nb5 63. g6 Rg5 64. Rg8 b2 65. g7 c4 66. Ke3 c3 67. Kd3 Rg3+ 0-1

[Event "Clichy"]
[Site "?"]
[Date "1986.??.??"]
[Round "?"]
[White "Miralles, G."]
[Black "Flear, G."]
[Result "1-0"]
[WhiteElo "2410"]
[BlackElo "2505"]
[PlyCount "91"]
[EventDate "1986.??.??"]
[Source "ChessBase"]
[SourceDate "1987.01.01"]

1. d4 d5 2. c4 c6 3. Nf3 Nf6 4. Nc3 dxc4 5. a4 Bg4 6. Ne5 Bh5 7. g3 e6 8. Bg2 Bb4 9. O-O Nd5 10. Bd2 O-O 11. g4 Bg6 12. e4 Nb6 13. a5 Nc8 14. Qa4 Na6 15. Be3 Nd6 16. Nxg6 hxg6 17. e5 Nc8 18. Rfc1 Ne7 19. Ne4 Nd5 20. Bg5 f6 21. exf6 gxf6 22. Bh6 Rf7 23. Qc2 Rh7 24. Bd2 Bxd2 25. Qxd2 Qc7 26. h3 Kg7 27. Ra3 Nf4 28. g5 f5 29. Nf6 Rh4 30. Rxc4 Rd8 31. Qe3 Kf7 32. Rb3 Nxg2 33. Kxg2 e5 34. Rbb4 Nxb4 35. Rxb4 Kg7 36. Qb3 Rb8 37. Ne8+ Rxe8 38. Rxb7 Re7 39. Rxc7 Rxc7 40. Qe6 Kh7 41. dxe5 Re4 42. Qf6 Rg7 43. e6 c5 44. h4 Kg8 45. Kf1 Kh8 46. h5 1-0

[Event "URS-FL"]
[Site "Kujbyshev"]
[Date "1986.??.??"]
[Round "?"]
[White "Mikhalchishin, Adrian"]
[Black "Huzman, Alexander"]
[Result "1/2-1/2"]
[WhiteElo "2515"]
[BlackElo "2390"]
[PlyCount "54"]
[EventDate "1986.10.??"]
[Source "ChessBase"]

1. d4 d5 2. c4 c6 3. Nf3 Nf6 4. Nc3 dxc4 5. a4 Bg4 6. Ne5 Bh5 7. Nxc4 e6 8. g3 Bb4 9. Bg2 Nd5 10. Qd3 Be7 11. O-O Nb4 12. Qd2 O-O 13. b3 N8a6 14. Bb2 Qc7 15. Rad1 Rad8 16. Qc1 Kh8 17. Rd2 f6 18. Rfd1 Rfe8 19. Bh3 Bf8 20. Ba3 Bg6 21. Qb2 Kg8 22. Bg2 Bh5 23. Rc1 Rd7 24. Bh3 Rdd8 25. Bg2 Rd7 26. Bh3 Rdd8 27. Bg2 Rd7 1/2-1/2

[Event "DSV-Turnier"]
[Site "Halle"]
[Date "1981.??.??"]
[Round "10"]
[White "Chekhov, Valery A"]
[Black "Malich, Burkhard"]
[Result "1/2-1/2"]
[WhiteElo "2435"]
[BlackElo "2470"]
[PlyCount "66"]
[EventDate "1981.06.??"]
[Source "ChessBase"]

1. d4 d5 2. c4 c6 3. Nf3 Nf6 4. Nc3 dxc4 5. a4 Bg4 6. Ne5 Bh5 7. f3 Nfd7 8. Nxc4 e5 9. Ne4 Bb4+ 10. Bd2 Bxd2+ 11. Qxd2 O-O 12. Ng3 Qh4 13. Nxe5 Nxe5 14. dxe5 Rd8 15. Qc3 Nd7 16. e4 Bg6 17. Be2 Qf4 18. O-O Nxe5 19. Rad1 Nd7 20. Rd4 Nf8 21. Bc4 Kh8 22. Rfd1 Qc7 23. Nf5 Rxd4 24. Qxd4 Ne6 25. Bxe6 fxe6 26. Nd6 h6 27. Nc4 b5 28. Ne5 Be8 29. axb5 cxb5 30. Qd6 Qc2 31. Qd2 Qc7 32. Qd6 Qc2 33. Qd2 Qc7 1/2-1/2

[Event "4th Rohde Open"]
[Site "Sautron"]
[Date "2004.10.26"]
[Round "4"]
[White "Sulypa, Alexandre"]
[Black "Libiszewski, Fabien"]
[Result "1-0"]
[WhiteElo "2484"]
[BlackElo "2419"]
[PlyCount "115"]
[EventDate "2004.10.23"]
[Source "Roberto Alvarez"]
[SourceDate "2004.11.08"]

1. d4 d5 2. c4 c6 3. Nf3 Nf6 4. Nc3 dxc4 5. a4 Bg4 6. Ne5 Bh5 7. g3 e6 8. Bg2 Bb4 9. O-O Nbd7 10. Nxc4 Nb6 11. Ne5 a5 12. Bg5 h6 13. Bxf6 gxf6 14. Nf3 f5 15. e3 Nc4 16. Qc2 Nd6 17. Ne5 f6 18. Nd3 Qb6 19. Na2 Bf7 20. Rfc1 O-O 21. Naxb4 axb4 22. Qb3 Ra5 23. Qxb4 Qxb4 24. Nxb4 Rfa8 25. b3 e5 26. Rab1 exd4 27. exd4 Ne4 28. Rb2 Rd8 29. f3 Ng5 30. Nc2 Ne6 31. Rd1 f4 32. Bf1 fxg3 33. hxg3 Rad5 34. Bc4 R5d6 35. Bxe6 Bxe6 36. b4 Bf7 37. Kf2 Bg6 38. Ke3 b6 39. Na3 Bf7 40. Nc2 Bg6 41. Na3 Bf7 42. Nb1 c5 43. bxc5 bxc5 44. Rbd2 Re8+ 45. Kf2 cxd4 46. Rxd4 Rc6 47. Nd2 Rc2 48. Ra1 Bc4 49. Re1 Rc8 50. g4 Ba6 51. Re6 R8c6 52. Rxc6 Rxc6 53. Ne4 Kg7 54. Rd7+ Kg6 55. Rd6 Bb7 56. Kg3 Rc4 57. Nxf6 Rxa4 58. Ne4+ 1-0

[Event "1st Stage Russian Cup"]
[Site "Tomsk"]
[Date "2003.07.10"]
[Round "7"]
[White "Bocharov, Dmitry"]
[Black "Andreev, Afrikan"]
[Result "1-0"]
[WhiteElo "2526"]
[BlackElo "2375"]
[PlyCount "119"]
[EventDate "2003.07.04"]
[Source "Roberto Alvarez"]
[SourceDate "2003.08.18"]

1. d4 d5 2. c4 c6 3. Nf3 Nf6 4. Nc3 dxc4 5. a4 Bg4 6. Ne5 Bh5 7. g3 e6 8. Bg2 Bb4 9. Nxc4 Nd5 10. Qb3 O-O 11. e3 a5 12. O-O Nd7 13. e4 N5b6 14. Nxb6 Qxb6 15. Be3 Be7 16. Qc2 Kh8 17. h3 Qc7 18. g4 Bg6 19. f4 f5 20. gxf5 exf5 21. e5 Nb6 22. Kh1 Rad8 23. Rg1 Qd7 24. Rad1 Bf7 25. Bf3 Nd5 26. Qg2 Rg8 27. Bd2 Bb4 28. Ne2 Bxd2 29. Rxd2 Ne3 30. Qg3 Nc4 31. Rc2 Bd5 32. Kh2 Nb6 33. Rc5 Nxa4 34. Rxa5 Nxb2 35. Bxd5 cxd5 36. Nc3 Qf7 37. Qf3 Nc4 38. Rxd5 Rxd5 39. Qxd5 Qxd5 40. Nxd5 Rd8 41. Rc1 Rxd5 42. Rxc4 Kg8 43. Kg3 b5 44. Rb4 Kf7 45. Kf3 Ke6 46. Ke3 Kd7 47. Rb1 Kc6 48. h4 Kb6 49. Kd3 Rd7 50. h5 Ra7 51. h6 gxh6 52. d5 Ra3+ 53. Kc2 Ra2+ 54. Kb3 Rf2 55. d6 Rf3+ 56. Kc2 Rf2+ 57. Kd3 Rxf4 58. e6 Re4 59. Rxb5+ Kxb5 60. d7 1-0

[Event "ch68"]
[Site "Buenos Aires ARG"]
[Date "1994.??.??"]
[Round "3"]
[White "Ricardi, Pablo"]
[Black "Soppe, Guillermo G"]
[Result "1/2-1/2"]
[WhiteElo "2470"]
[BlackElo "2430"]
[PlyCount "78"]
[EventDate "1994.??.??"]
[Source "www.chesslib.no"]
[SourceDate "2004.05.04"]

1. d4 d5 2. c4 c6 3. Nf3 Nf6 4. Nc3 dxc4 5. a4 Bg4 6. e3 e5 7. Bxc4 Bxf3 8. Qxf3 Bd6 9. Ne4 Bb4+ 10. Ke2 Nbd7 11. Nxf6+ Qxf6 12. Qxf6 gxf6 13. a5 Ke7 14. Rd1 Rad8 15. Bd3 Nf8 16. a6 b6 17. Ra4 c5 18. dxc5 bxc5 19. Bd2 Rb8 20. Bxb4 cxb4 21. Rc1 h6 22. Rc4 b3 23. Rab4 Ne6 24. Rb7+ Rxb7 25. axb7 Rb8 26. Be4 Kd7 27. Rc3 a5 28. Rc4 f5 29. Bd5 Nc7 30. Bc6+ Kd6 31. Kd2 Ne6 32. g3 Nc5 33. Bg2 e4 34. Bh3 Rxb7 35. Bxf5 Kd5 36. Rd4+ Ke5 37. Bc8 Rc7 38. Bg4 Nd3 39. f4+ Kf6 1/2-1/2